Krátká je má zpráva
| Main Author: | Zahradník, Václav, 1942-2001 |
|---|---|
| Other Authors: | Černý, Miroslav, 1937-, Andersson, Benny, 1946-, Ulvaeus, Björn, 1945-, Krotil, Zdeněk, 1926-1984 |
| Language: | Czech |
| Published: |
Praha : Supraphon, 1974 |
| Edition: | 1. vyd. |
| Series: |
Malý taneční soubor. Combo series
|
| Physical Description: |
5 hlasů |
| LEADER | 01192ncm a22003012a 4500 | ||
|---|---|---|---|
| 001 | 001104681 | ||
| 003 | CZ BrMZK | ||
| 005 | 20110510105738.0 | ||
| 007 | qu | ||
| 008 | 021022s1974 xr f cze d | ||
| 040 | |a BOA001 |b cze | ||
| 072 | 7 | |a 784 |x Vokální hudba |2 Konspekt |9 9 | |
| 100 | 1 | |a Zahradník, Václav, |d 1942-2001 |7 jn99240001478 |4 cmp | |
| 245 | 1 | 0 | |a Krátká je má zpráva |h [hudebnina] / |c Václav Zahradník ; text M. Černý. Já a Honza a Honzův brácha / hudba a původní text B. Andersson a B. Ulvaeus ; upr. Zdeněk Krotil |
| 250 | |a 1. vyd. | ||
| 260 | |a Praha : |b Supraphon, |c 1974 | ||
| 300 | |a 5 hlasů | ||
| 490 | 1 | |a Malý taneční soubor. Combo series ; |v 181. | |
| 700 | 1 | |a Černý, Miroslav, |d 1937- |7 jn19990209124 |4 lyr | |
| 700 | 1 | |a Andersson, Benny, |d 1946- |7 mzk2003202472 |4 cmp | |
| 700 | 1 | |a Ulvaeus, Björn, |d 1945- |7 xx0034748 |4 lyr | |
| 700 | 1 | |a Krotil, Zdeněk, |d 1926-1984 |7 jk01063455 |4 arr | |
| 740 | 0 | 2 | |a Já a Honza a Honzův brácha |
| 830 | 0 | |a Malý taneční soubor. |p Combo series | |
| 910 | |a BOA001 |b Mus3-0723.954 | ||
| 990 | |a MU | ||
| 991 | |b 201007 | ||
| 996 | 6 | |b 2619456057 |c Mus3-0723.954 |l MZK |r Sklad / do 1 hodiny |n 0 |w 001131397 |u 000010 |a 1 |e BOA001 |j MZK50 |s P | |
English
Čeština 